| Tag |
First Indicator |
Second Indicator |
Subfields |
| LEADER |
00000pam a2200000 a 4500 |
| 001 |
in00000090434 |
| 005 |
20151008063709.0 |
| 008 |
800604s1981 nyua b 00110 engm |
| 010 |
|
|
|a 80017947
|
| 020 |
|
|
|a 0306405237
|
| 035 |
|
|
|a (OCoLC)06447006
|
| 035 |
|
|
|9 AAK2758AM
|
| 040 |
|
|
|a DLC
|c DLC
|d m.c.
|d TXA
|d UtOrBLW
|
| 049 |
|
|
|a TXAM
|c [951764]
|
| 050 |
0 |
0 |
|a QD911
|b .B89
|
| 082 |
0 |
|
|a 530.1/2
|
| 100 |
1 |
|
|a Butler, Philip H.
|
| 245 |
1 |
0 |
|a Point group symmetry applications :
|b methods and tables /
|c Philip H. Butler.
|
| 264 |
|
1 |
|a New York :
|b Plenum Press,
|c [1981]
|
| 264 |
|
4 |
|c ©1981
|
| 300 |
|
|
|a ix, 567 pages :
|b illustrations ;
|c 24 cm.
|
| 336 |
|
|
|a text
|b txt
|2 rdacontent
|
| 337 |
|
|
|a unmediated
|b n
|2 rdamedia
|
| 338 |
|
|
|a volume
|b nc
|2 rdacarrier
|
| 500 |
|
|
|a Includes indexes.
|
| 504 |
|
|
|a Bibliography: pages 553-556.
|
| 650 |
|
0 |
|a Symmetry groups.
|
| 650 |
|
0 |
|a Point defects.
|
| 650 |
|
0 |
|a Crystallography, Mathematical.
|
| 999 |
|
|
|a MARS
|
| 999 |
f |
f |
|s 013c5c3a-a6ef-37cd-b511-53834846fe79
|i 62935d85-cc40-3ce3-8c2f-18f9206b61f8
|t 0
|
| 952 |
f |
f |
|p ric
|a Texas A&M University
|b Rellis Campus
|c Joint Library Facility
|s JLF
|d Remote Storage
|t 0
|e QD911 .B89
|h Library of Congress classification
|i unmediated -- volume
|m A14806212929
|
| 998 |
f |
f |
|a QD911 .B89
|t 0
|l Remote Storage
|